The Human Body by letter - H - Statistics

General Stats
  • This quiz has been taken 1,114 times
  • The average score is 8 of 12
Answer Stats
Hint Answer % Correct
Thin Strands that Grow all over the Body Hair
99%
Main Blood Pump of the Body Heart
98%
Between Wrist and Fingers Hand
95%
Rests on the Neck Head
91%
Joint between Femur and Pelvis Hip
87%
Bone that runs from the Shoulder to the Elbow Humerus
76%
Part of the Foot, formed by the Calcaneus (Bone) Heel
75%
Muscle at the Back of the Thigh Hamstring
73%
One of the Three Bones in the Inner Ear Hammer
49%
Part of the Brain that is important in Memory Hippocampus
40%
Almond-sized portion of the Brain above the Brainstem Hypothalamus
33%
Horseshoe-shaped Bone in the Neck Hyoid Bone
26%
No matching quizzes found
Score Distribution
Percent of People with Each Score
Percentile by Number Answered
Your Score History
You have not taken this quiz